Superhero TV Shows Quiz Stats

 Plays Quiz Updated Jun 15, 2016

Challenge
Share
Tweet
Score 0/20 Timer 07:00
4 Plays Today
% Correct
Wonder Woman
98.2%
Mighty Morphin' Power Rangers
93.4%
Batman
92.7%
Supergirl
90.2%
The Incredible Hulk
90%
Arrow
85.3%
Powerpuff Girls
84.4%
The Flash
83.2%
Smallville
80.9%
Marvel's Agents of S.H.I.E.L.D.
79.4%
% Correct
Daredevil
78.7%
Gotham
74.8%
Agent Carter
63.4%
Teen Titans
62.9%
The Green Hornet
61.2%
Jessica Jones
60.1%
The Tick
57.7%
Lois & Clark: The New Adventures of Superman
54.2%
Shazam!
49.7%
Greatest American Hero
37%

You're not logged in!

Compare scores with friends on all Sporcle quizzes.
OR
Log In

You Might Also Like...

Show Comments

Extras

Top Quizzes Today


Score Distribution

Your Account Isn't Verified!

In order to create a playlist on Sporcle, you need to verify the email address you used during registration. Go to your Sporcle Settings to finish the process.

Report this User

Report this user for behavior that violates our Community Guidelines.

Details: